000 00547nam a22001817a 4500
005 20231116121108.0
008 231116b |||||||| |||| 00| 0 eng d
020 _a1850448884
041 _aEnglish
082 _a343.9 HIL
100 _aHill, C
_lEnglish
245 _aLloyd's List Practical Guides: Maritime Law /
_cC Hill
250 _aFourth Edition
260 _aLondon :
_bLloyd's of London Press Ltd,
_c1995
300 _bxlvi, 560 pages ;
_c25 cm.
650 _aLegal practice
_bLaw
942 _cBK
_6ALISON_BN_VRIES
999 _c728
_d728